|
|
|
|
| LEADER |
00000nam2a2200000 4500 |
| 001 |
183541 |
| 005 |
20231101223750.0 |
| 010 |
|
|
|a 9785488022010
|
| 010 |
|
|
|a 978-5-94666-534-6
|
| 010 |
|
|
|a 978-5-488-02449-6
|
| 010 |
|
|
|a 978-5-94666-567-4
|
| 035 |
|
|
|a (RuTPU)RU\TPU\book\198958
|
| 035 |
|
|
|a RU\TPU\book\175352
|
| 090 |
|
|
|a 183541
|
| 100 |
|
|
|a 20100809d2009 m y0rusy50 ca
|
| 101 |
0 |
|
|a rus
|
| 102 |
|
|
|a RU
|
| 105 |
|
|
|a a j 000zy
|
| 200 |
0 |
|
|a Ч. 2
|
| 210 |
|
|
|d 2009
|
| 215 |
|
|
|a 448 с.
|c ил.
|
| 330 |
|
|
|a Содержание второй части охватывает следующие разделы программы: кратные и криволинейные интегралы, ряды, дифференциальные уравнения, теорию вероятностей, теорию функций комплексного переменного, операционное исчисление, методы вычислений, основы вариационного исчисления. В каждом параграфе приводятся необходимые теоретические сведения. Типовые задачи даются с подробными решениями. Имеется большое количество задач для самостоятельной работы.
|
| 451 |
|
1 |
|0 (RuTPU)RU\TPU\book\146925
|y 978-5-488-01070-3
|t Ч. 2
|d 2007
|p 416 с.
|
| 451 |
|
|
|y 978-5-94666-389-2
|
| 461 |
|
1 |
|0 (RuTPU)RU\TPU\book\158821
|y 978-5-488-02199-0
|y 978-5-94666-532-2
|t Высшая математика в упражнениях и задачах
|o в 2 ч.
|f П. Е. Данко [и др.]
|v Ч. 2
|e 7-е изд., испр.
|d 2009
|
| 606 |
1 |
|
|a Математика высшая
|2 stltpush
|3 (RuTPU)RU\TPU\subj\3986
|9 32308
|
| 610 |
1 |
|
|a двойные интегралы
|
| 610 |
1 |
|
|a тройные интегралы
|
| 610 |
1 |
|
|a криволинейные интегралы
|
| 610 |
1 |
|
|a интегралы по поверхности
|
| 610 |
1 |
|
|a роды
|
| 610 |
1 |
|
|a ряды
|
| 610 |
1 |
|
|a обыкновенные дифференциальные уравнения
|
| 610 |
1 |
|
|a вероятность
|
| 610 |
1 |
|
|a уравнения в частных производных
|
| 610 |
1 |
|
|a функции комплексного переменного
|
| 610 |
1 |
|
|a операционные исчисления
|
| 610 |
1 |
|
|a вычисления
|
| 610 |
1 |
|
|a вариационные исчисления
|
| 610 |
1 |
|
|a упражнения
|
| 610 |
1 |
|
|a задачи
|
| 610 |
1 |
|
|a решения
|
| 610 |
1 |
|
|a практические пособия
|
| 610 |
1 |
|
|a учебные пособия
|
| 675 |
|
|
|a 51(076)
|v 3
|
| 801 |
|
1 |
|a RU
|b 63413507
|c 20050608
|g PSBO
|
| 801 |
|
2 |
|a RU
|b 63413507
|c 20210316
|g PSBO
|
| 900 |
|
|
|a Высшая математика
|
| 900 |
|
|
|a Математический анализ
|
| 942 |
|
|
|c BK
|